Normal view
MARC view
Entry Personal Name
001 - CONTROL NUMBER
- control field: 123775
003 - CONTROL NUMBER IDENTIFIER
- control field: NUST
005 - DATE AND TIME OF LATEST TRANSACTION
- control field: 20240626094234.0
008 - FIXED-LENGTH DATA ELEMENTS
- fixed length control field: 240626|| aca||aabn | a|a d
040 ## - CATALOGING SOURCE
- Original cataloging agency: NUST
- Transcribing agency: NUST
100 ## - HEADING--PERSONAL NAME
- General subdivision: PhD-Mathematics
670 ## - SOURCE DATA FOUND
- Source citation: Work cat.: (NUST)526251: Riaz, Syed Muhammad Jawwad 17001, Some Aspects of Spacetime Coordinates /, 2012.
